Water quality in Indiana : trends in concentrations of selected nutrients, metals, and ions in streams, 2000-10 /

Bibliographic Details
Main Author: Risch, Martin R. (Author)
Format: Government Document eBook
Language:English
Published: Reston, Virginia : U.S. Department of the Interior, U.S. Geological Survey, 2014.
Series:Scientific investigations report ; 2014-5205.
Subjects:
Online Access:https://purl.fdlp.gov/GPO/gpo187816

MARC

Tag First Indicator Second Indicator Subfields
LEADER 00000nam a2200000 i 4500
001 in00004641621
006 m o d f
007 cr c||||||||||
008 221026s2014 vauab ob f000 0 eng c
005 20230113210803.5
035 |a (OCoLC)on1348882933 
040 |a GPO  |b eng  |e rda  |e pn  |c GPO  |d MvI 
042 |a pcc 
043 |a n-us-in 
049 |a WWW 
074 |a 0624-B-02 (online) 
086 0 |a I 19.42/4-4:2014-5205 
100 1 |a Risch, Martin R.,  |e author. 
245 1 0 |a Water quality in Indiana :  |b trends in concentrations of selected nutrients, metals, and ions in streams, 2000-10 /  |c by Martin R. Risch [and four others] 
246 3 0 |a Trends in concentrations of selected nutrients, metals, and ions in streams, 2000-10 
264 1 |a Reston, Virginia :  |b U.S. Department of the Interior, U.S. Geological Survey,  |c 2014. 
300 |a 1 online resource (vi, 47 pages) :  |b color illustrations, color maps. 
336 |a text  |b txt  |2 rdacontent 
337 |a computer  |b c  |2 rdamedia 
338 |a online resource  |b cr  |2 rdacarrier 
490 1 |a Scientific investigations report ;  |v 2014-5205 
500 |a "Prepared in cooperation with the Indiana Department of Environmental Management." 
500 |a GPO Cataloging Record Distribution Program (CRDP). 
504 |a Includes bibliographical references (pages 31-33). 
588 |a Description based on online resource; title from PDF title page (USGS, viewed Oct. 26, 2022). 
650 0 |a Water quality  |z Indiana. 
650 0 |a Nutrient pollution of water  |z Indiana. 
650 0 |a Metals  |z Indiana. 
650 0 |a Rivers  |z Indiana  |x Environmental conditions. 
710 2 |a Geological Survey (U.S.),  |e issuing body. 
830 0 |a Scientific investigations report ;  |v 2014-5205. 
856 4 0 |u https://purl.fdlp.gov/GPO/gpo187816  |t 0 
999 f f |s 9b5ca2c0-af21-42e6-9437-92ca497e3641  |i 6558a460-0e04-47b2-ad38-22664f999aac  |t 0 
952 f f |a Texas A&M University  |b College Station  |c Electronic Resources  |d Available Online  |t 0  |e I 19.42/4-4:2014-5205  |h Superintendent of Documents classification 
998 f f |a I 19.42/4-4:2014-5205  |t 0  |l Available Online